01759nam a22002655i 45000010005000000030006000050050017000110080041000280100017000690200031000860200018001170200026001350400023001610420008001840500014001920820011002061000018002172450052002352600037002873000025003244900028003495201049003776500046014266500021014722880FISKH20240119153833.0240116s2024 nyu 000 0 eng  a 2024930848 a9780198841067q(paperback) a9780099511878 z9780192577801q(epub) aDLCbengerdacDLC apcc aPR4034.N7 a823.7 1 aAusten, Jane,10aNorthanger Abbey /cJane Austen, Thomas Keymer. aLondon : bRandom House, c2008. a241 pages : c20 cm 0 aOxford world's classics a"Northanger Abbey is a comedy about reading and misreading-reading books, reading the world-and about different kinds of peril, both imagined and real. It is Jane Austen's most self-conscious work in generic terms, grounded in a tradition of metafiction (novels about novels) that looks back two centuries to Cervantes, yet also in the flashiest, most fashionable new writing of Austen's day. It shows her experimenting creatively with form and technique, reworking inherited conventions of authorial commentary and story-telling while developing her signature style of free indirect discourse, where detached narrative comes to bear the impress of a character's voice and perspective. The celebrated fifth chapter of Northanger Abbey, in which Austen steps out of her narrative frame to make a bold, eloquent case for the power of novels, is a landmark of literary history, a key moment in the elevation of the genre from dismissive, even hostile, eighteenth-century assumptions on the road to its Victorian prestige"--cProvided by publisher. aBritish literature vJuvenile literature  aRomancevFiction